[Event "Antofagasta Zicosur op 3rd"]
[Site "Antofagasta"]
[Date "2017.01.10"]
[Round "1"]
[White "Perez Ponsa, Federico"]
[Black "Parra Madariaga, Alex"]
[Result "1-0"]
[WhiteElo "2583"]
[BlackElo "1899"]
[PlyCount "53"]
[EventDate "2017.01.10"]
[EventType "swiss"]
[EventRounds "9"]
[EventCountry "CHI"]
[SourceTitle "CBM 176 Extra"]
[Source "ChessBase"]
[SourceDate "2017.03.02"]
[SourceVersion "1"]
[SourceVersionDate "2017.03.02"]
[SourceQuality "1"]

1. e4 b6 2. d4 Bb7 3. Bd3 e6 4. Qe2 c5 5. d5 exd5 6. exd5+ Qe7 7. c4 Qxe2+ 8. Nxe2 Na6 9. Nbc3 0-0-0 10. Bf4 Nc7 11. a4 a5 12. Ra3 d6 13. Rb3 Na8 14. 0-0 Ba6 15. Ne4 h6 16. h4 Be7 17. N2g3 g6 18. h5 Kc7 19. Re1 Bc8 20. Nc3 g5 21. Bd2 Bf6 22. Nb5+ Kb7 23. Ne4 Be7 24. Bxa5 Bd7 25. Nbxd6+ Bxd6 26. Nxd6+ Ka6 27. Bc3 1-0